00322pab a2200109 454500008004000000245010000040260000900140300001300149650001000162650001400172773002600186180718b2005 xxu||||| |||| 00| 0 eng d aSPECIAL issue on the politics of naming: rebels, terrorists, criminals, bandits and subversives c2005 ap.5-213. aCrime aTerrorism aThird World Quarterly